00576nam a2200157Ia 4500003000900000008004100009040001600050080002100066100002000087245011000107260007700217300002300294650004100317650003100358650002900389IN-BaIIA211028s9999 xx 000 0 eng d cIIA Library a083.8:524.3bKUK aKukarkin, B. V. 0aGeneral catalogue of variable starsbvol. 1cB. V. Kukarkin  aMoscowbAstronomical Council of the Academy of Scinces in the USSRc1969 a[various pagings.] aAstronomy and astrophysics thesaurus aCatalogue - variable stars aVariable stars catalouge